000 00644nam a2200253Ia 4500
005 20260121171525.0
008 008 260114s9999 xx 000 0 eng d
020 _a9789811503429
037 _aEBOOK
040 _aCRL
040 _beng
040 _cCRL
041 _2eng
041 _aeng
084 _qCRL
245 0 _aSelected Cases from the Supreme People’s Court of the People’s Republic of China
260 _bSpringer
260 _bSpringer
260 _c2020
856 _uhttps://link.springer.com/openurl?genre=book&isbn=978-981-15-0342-9
942 _cEBOOK
999 _c1642997
_d1642997